Food in the Bible - Statistics

General Stats
  • This quiz has been taken 39 times
  • The average score is 11 of 15
Answer Stats
Hint Answer % Correct
Jesus' first miracle: Turning _____ to ____ Water
100%
A food that Jesus fed the 5,000 with Bread
97%
Jesus' first miracle: Turning _____ to ____ Wine
97%
A food that Jesus fed the 5,000 with Fish
89%
What Canaan was described as: Flowing with ____ and ______ Honey
86%
Notable unclean animal, one of those given to Peter to eat in Acts Pig
83%
What Adam and Eve ate, despite being told not to (Forbidden) fruit
78%
What Canaan was described as: Flowing with ____ and ______ Milk
72%
Food that rained down into the desert Manna
69%
Liquid used to anoint kings of Israel Oil
67%
Animal eaten at Passover: Lamb
61%
The tree Jesus cursed for not bearing fruit Fig
58%
Where the sermon on the mount was: Mount of _____ Olives
58%
Type of food eaten at Passover: __________ bread Unleavened
53%
Main ingredient offered as a part of grain offerings Flour
22%
No matching quizzes found
Score Distribution
Percent of People with Each Score
Percentile by Number Answered
Your Score History
You have not taken this quiz